000 00284nam a22001337a 4500
008 180104b xxu||||| |||| 00| 0 eng d
020 _a9780787965150
041 _aeng
080 _a37
100 _a46
101 _aEDU
245 _aEDUCATION CITIZENS
_cCOLBY.A
942 _2udc
_cBK
999 _c39688
_d39688